02367cam a22005414i 4500003000900000005001700009008004100026020001800067035002700085040003300112049000900145082001900154100004000173245027200213264005000485300003800535336002100573337002500594338002300619490007300642500010300715504002800818505007400846526001000920526001000930526001000940526001000950526000800960526000800968526000800976526000800984526000800992526000801000526000801008541001701016630005801033650001701091700003701108700003801145910002201183942001401205949013401219994001401353596000601367999021301373980005501586952018401641PE-LiUPU20250731173352.0150706s2009 sp r 000 0 spa d a9788481699548 a(Sirsi) i9788481699548 aPE-LiUPUbspacPE-LiUPUerda aPRUA04a226.6bR682211 aRius-Camps, Josep,d1933- ,eautor.13aEl mensaje de los hechos de los apóstoles en el códice Beza :buna comparación con la tradición alejandrina. Tomo I, de Jerusalén a la Iglesia de Antioquía, Hechos 1-12 /cJosep Rius-Camps, Jenny Read-Heimerdinger ; traducción, José Pérez Escobar . 1aEstella, Navarra :bVerbo Divino D.L.,c2009. a773 páginas ;c24 centímetros atext2rdacontent aunmediated2rdamedia avolume2rdacarrier0 aEl mensaje de los hechos de los apóstoles en el códice Beza ;v1 aTraducción de: The message of Acts in Codex Bezae : a comparison with the Alexandrian tradition. aIncluye bibliografía.0 aHechos 1,1-5.42: Jerusalén -- Hechos 6,1-12,25: De Judea y Samaria. aSEG42 aSEG41 aSEG40 aSEG39 aP94 aP87 aP86 aP85 aP77 aP76 aP35 g007-0020803; aBiblia.pN.T.pHechosxCrítica e interpretación .04aCodex Bezae.1 aPérez Escobar, José,eautor.1 aRead-Heimerdinger, Jenny,eautor. bjvcjvmd20100623 2ddccBOOK a226.6 R68 1wDEWEYc1i61917lCCODEBUL1mBULp111.00r0sYtBOOKu2015-7-6xTEOLOGIAPP350COMPRAo.STAFF. Colección Teología aC0bPEPRU a1 a226.6 R68 1wDEWEYc51024i61917d51024e2017-7-30f2021-11-9g5lCCODEBUL1mBULn3p111.00q2r0sYtBOOKu2015-7-6xTEOLOGIAPP350COMPRAo.CIRCNOTE. Documento de alto precioo.STAFF. Colección Teología 81gALBERTO SANCHEZ Responsable de Automatización r2025-12-03 00:00:00i6l4o226.6 R68 1p61917s2024-11-18te1v116.00w2015-07-06xFTyBKzinventario-2023-12-13102ddc50708GENfP35aBULbBULcGENd2015-07-06eCOMPRAg111.00